[Event "Campeonato de Aragon por Equipos 2024 - "]
[Site "?"]
[Date "2024.03.02"]
[Round "6.9"]
[White "Atares Buisan, Sergio"]
[Black "Palacios Herrero, Pablo"]
[Result "0-1"]
[WhiteElo "1961"]
[BlackElo "2231"]
[PlyCount "50"]
[GameId "2166508130668964"]
[EventDate "2024.01.27"]
[WhiteTeam "Marcos Frechin B"]
[BlackTeam "Palacio De Pioneros"]

1. e4 e6 2. d4 d5 3. Nd2 c5 4. Ngf3 cxd4 5. Nxd4 Nf6 6. e5 Nfd7 7. N2f3 Nc6 8. Nxc6 bxc6 9. Bd3 Rb8 10. O-O Be7 11. Nd4 Nxe5 12. Bf4 Bd6 13. Bxe5 Bxe5 14. Nxc6 Bxh2+ 15. Kh1 Qh4 16. g3 Qh3 17. Bf5 exf5 18. Qe2+ Be6 19. f4 Bxg3+ 20. Kg1 Rb6 21. Nxa7 Bxf4 22. Rae1 Qg3+ 23. Kh1 O-O 24. Rf3 Qh4+ 25. Kg1 d4 0-1

[Event "Campeonato de Aragon por Equipos 2024 - "]
[Site "?"]
[Date "2024.03.02"]
[Round "6.10"]
[White "Garcia Gracia, Victor Hugo"]
[Black "Perez Tomas, Juan Manuel"]
[Result "1-0"]
[WhiteElo "2034"]
[BlackElo "1908"]
[PlyCount "65"]
[GameId "2166508130705829"]
[EventDate "2024.01.27"]
[WhiteTeam "Palacio De Pioneros"]
[BlackTeam "Marcos Frechin B"]

1. e4 c5 2. Nf3 d6 3. d4 cxd4 4. Qxd4 Nc6 5. Bb5 Bd7 6. Bxc6 Bxc6 7. c4 Nf6 8. Nc3 g6 9. O-O Bg7 10. h3 O-O 11. Qe3 Nd7 12. Nd4 Qb6 13. Rd1 Rac8 14. b3 e6 15. Ba3 Nc5 16. Rac1 Rfe8 17. Nxc6 Qxc6 18. Nb5 d5 19. e5 Ne4 20. Nxa7 Qa6 21. Nxc8 Qxa3 22. cxd5 exd5 23. f4 Bf8 24. Rxd5 Ng3 25. Rc2 Nf5 26. Qd2 Qa6 27. Qd3 b5 28. Rd8 Re6 29. Kh2 h5 30. Qd7 Qa5 31. Rc7 Nh6 32. Ne7+ Kg7 33. Qe8 1-0

[Event "Campeonato de Aragon por Equipos 2024 - "]
[Site "?"]
[Date "2024.03.02"]
[Round "6.11"]
[White "Prats Fares, Nahuel"]
[Black "Climente Martinez, Jose Luis"]
[Result "1-0"]
[WhiteElo "1806"]
[BlackElo "1953"]
[PlyCount "117"]
[GameId "2166508130750886"]
[EventDate "2024.01.27"]
[WhiteTeam "Marcos Frechin B"]
[BlackTeam "Palacio De Pioneros"]

1. e4 e6 2. d3 d5 3. Qe2 Be7 4. Nf3 Nf6 5. g3 O-O 6. Bg2 dxe4 7. dxe4 b6 8. e5 Nd5 9. c4 Nb4 10. O-O Bb7 11. Rd1 Qc8 12. Nc3 a5 13. a3 N4a6 14. h4 Nc5 15. Bg5 Nc6 16. Bxe7 Nxe7 17. b4 axb4 18. axb4 Rxa1 19. Rxa1 Nb3 20. Ra3 Bxf3 21. Qxf3 Nd4 22. Qe4 c5 23. b5 Qd7 24. Qb7 Qxb7 25. Bxb7 f5 26. f4 Rb8 27. Ra8 Rxa8 28. Bxa8 Nb3 29. Na4 Kf8 30. Nxb6 Ke8 31. Kf2 Kd8 32. Ke3 Nc8 33. Na4 Kc7 34. Bf3 Nb6 35. Nb2 Nd4 36. Bd1 Kb7 37. Kd3 Kc7 38. Kc3 Kb7 39. Nd3 Nd7 40. Nxc5+ Nxc5 41. Kxd4 Kb6 42. Bf3 Nb3+ 43. Kc3 Nc5 44. Bc6 Na4+ 45. Kb3 Nc5+ 46. Kc3 Na4+ 47. Kd4 Nc5 48. Be8 Nb3+ 49. Ke3 Kc7 50. Bf7 Nc5 51. Kf3 Kd7 52. Bg8 h6 53. g4 Ne4 54. gxf5 Nd2+ 55. Kg4 exf5+ 56. Kxf5 Nf3 57. Kg6 Nxh4+ 58. Kxg7 Nf5+ 59. Kf6 1-0

[Event "Campeonato de Aragon por Equipos 2024 - "]
[Site "?"]
[Date "2024.03.02"]
[Round "6.12"]
[White "Lopez Caudevilla, David"]
[Black "Hinojar Basa, Alfonso"]
[Result "1/2-1/2"]
[WhiteElo "2185"]
[BlackElo "2186"]
[PlyCount "103"]
[GameId "2166508130791847"]
[EventDate "2024.01.27"]
[WhiteTeam "Actur Rey Fernando"]
[BlackTeam "Marcos Frechin A"]

1. e4 c5 2. Nc3 Nc6 3. g3 g6 4. Bg2 Bg7 5. d3 d6 6. Be3 Nf6 7. h3 O-O 8. Qd2 Rb8 9. Bh6 b5 10. Bxg7 Kxg7 11. f4 Nd4 12. Nd1 e5 13. c3 Nc6 14. Ne2 d5 15. exd5 Nxd5 16. Ne3 Be6 17. f5 Nxe3 18. Qxe3 Bd5 19. O-O f6 20. Be4 Qd6 21. Rad1 Bxa2 22. Qf3 Rb6 23. fxg6 hxg6 24. c4 Nd4 25. Nxd4 Qxd4+ 26. Kh1 f5 27. g4 f4 28. Ra1 Qxb2 29. Bd5 b4 30. d4 Ra6 31. dxe5 Ra3 32. Qg2 Qxg2+ 33. Kxg2 Rb8 34. Rxf4 Bxc4 35. Rf7+ Kh6 36. Bxc4 Rxa1 37. h4 Ra3 38. e6 Rc3 39. Bd5 b3 40. Bf3 g5 41. e7 Rxf3 42. Rxf3 b2 43. Rb3 Re8 44. hxg5+ Kxg5 45. Rxb2 Rxe7 46. Rb5 Re2+ 47. Kf3 Rc2 48. Ra5 Rc3+ 49. Ke4 Kxg4 50. Rxa7 Rc1 51. Rg7+ Kh3 52. Rc7 1/2-1/2

[Event "Campeonato de Aragon por Equipos 2024 - "]
[Site "?"]
[Date "2024.03.02"]
[Round "6.13"]
[White "Fuster Garcia, Luis Miguel"]
[Black "Abos Rosico, Antonio"]
[Result "1/2-1/2"]
[WhiteElo "2125"]
[BlackElo "2061"]
[PlyCount "59"]
[GameId "2166508130828712"]
[EventDate "2024.01.27"]
[WhiteTeam "Marcos Frechin A"]
[BlackTeam "Actur Rey Fernando"]

1. e4 c6 2. Nc3 d5 3. Nf3 dxe4 4. Nxe4 Nf6 5. Qe2 Nxe4 6. Qxe4 Nd7 7. Bc4 Nf6 8. Ne5 e6 9. Qe2 b5 10. Bb3 Qc7 11. d4 Bd6 12. a4 O-O 13. O-O a5 14. Re1 b4 15. c4 c5 16. dxc5 Qxc5 17. Qf3 Rb8 18. Qc6 Bb7 19. Qxc5 Bxc5 20. Be3 Bxe3 21. Rxe3 Rfd8 22. Rd1 Rxd1+ 23. Bxd1 Rd8 24. Rd3 Rxd3 25. Nxd3 Nd7 26. f3 Kf8 27. Kf2 Ke7 28. Ke3 Kd6 29. g3 e5 30. Bc2 1/2-1/2

[Event "Campeonato de Aragon por Equipos 2024 - "]
[Site "?"]
[Date "2024.03.02"]
[Round "6.14"]
[White "Perez Puyal, Jose Joaquin"]
[Black "Miranda Herrera, Jorge Manuel"]
[Result "0-1"]
[WhiteElo "1866"]
[BlackElo "2133"]
[PlyCount "106"]
[GameId "2166508130931113"]
[EventDate "2024.01.27"]
[WhiteTeam "Actur Rey Fernando"]
[BlackTeam "Marcos Frechin A"]

1. d4 Nf6 2. Nf3 g6 3. Nc3 d5 4. Bf4 Bg7 5. Nb5 Na6 6. e3 c6 7. Nc3 Qb6 8. Rb1 Bf5 9. Bd3 Bxd3 10. Qxd3 O-O 11. O-O Nh5 12. Bg5 f6 13. Bh4 e5 14. Qe2 e4 15. Nd2 f5 16. f4 exf3 17. Rxf3 Rae8 18. Qd1 Rxe3 19. Bf2 Re6 20. Nb3 Qd8 21. Qd2 Rfe8 22. Re1 Rxe1+ 23. Bxe1 Qe7 24. Bf2 Nf6 25. Re3 Ne4 26. Nxe4 fxe4 27. Re2 b6 28. Be3 Nc7 29. Bg5 Bf6 30. Bh6 Ne6 31. c3 Ng7 32. g4 Ne6 33. Be3 Bg5 34. Rf2 Bh4 35. Rf1 Rf8 36. Rxf8+ Qxf8 37. Qg2 Bg5 38. Qf2 Bxe3 39. Qxe3 Qf4 40. Qxf4 Nxf4 41. Nc1 Kf7 42. Kf2 Kf6 43. h4 h5 44. gxh5 gxh5 45. Kg3 Kf5 46. b3 c5 47. a4 cxd4 48. cxd4 a5 49. b4 axb4 50. Nb3 e3 51. a5 bxa5 52. Nxa5 Ke4 53. Nb3 Ne2+ 0-1

[Event "Campeonato de Aragon por Equipos 2024 - "]
[Site "?"]
[Date "2024.03.02"]
[Round "6.15"]
[White "Moya Gimeno, Raul"]
[Black "Aviol Perez, Jose Mariano"]
[Result "0-1"]
[WhiteElo "1985"]
[BlackElo "1801"]
[PlyCount "66"]
[GameId "2166508130967978"]
[EventDate "2024.01.27"]
[WhiteTeam "Marcos Frechin A"]
[BlackTeam "Actur Rey Fernando"]

1. e4 d6 2. Nc3 Nf6 3. Bc4 g6 4. d4 Bg7 5. f3 Nbd7 6. Be3 c6 7. Qd2 b5 8. Bb3 b4 9. Nce2 a5 10. Bh6 Bxh6 11. Qxh6 a4 12. Bc4 Qa5 13. Nh3 Qh5 14. Qg7 Rf8 15. Nef4 Qa5 16. O-O Nb6 17. Bd3 Bxh3 18. Nxh3 Qh5 19. e5 dxe5 20. Be4 Nbd5 21. dxe5 Rg8 22. exf6 Rxg7 23. fxg7 O-O-O 24. c3 bxc3 25. Rac1 Qe5 26. bxc3 Qxg7 27. c4 Nc3 28. Bxc6 Ne2+ 29. Kh1 Nxc1 30. Rxc1 a3 31. Rb1 Rd2 32. Bb7+ Kb8 33. Bd5+ Rb2 0-1

[Event "Campeonato de Aragon por Equipos 2024 - "]
[Site "?"]
[Date "2024.03.02"]
[Round "6.16"]
[White "Ramon Perez, Jose Luis"]
[Black "Garza Marco, Sergio"]
[Result "0-1"]
[WhiteElo "2167"]
[BlackElo "2310"]
[PlyCount "126"]
[GameId "2166508131004843"]
[EventDate "2024.01.27"]
[WhiteTeam "Fraga"]
[BlackTeam "Helios"]

1. e4 d6 2. d4 Nf6 3. Nc3 e5 4. Nf3 exd4 5. Qxd4 Be7 6. Bg5 O-O 7. O-O-O Nc6 8. Qd2 Be6 9. h4 a6 10. Qe1 Re8 11. e5 Ng4 12. exd6 cxd6 13. Qd2 Qb6 14. Be3 Nxe3 15. fxe3 Bf6 16. Nd4 Rac8 17. Na4 Qc7 18. Nxe6 Rxe6 19. Bc4 Re4 20. Bb3 Na5 21. Kb1 Rxa4 22. Bxa4 Nc4 23. Qb4 Nxb2 24. Rd4 Bxd4 25. exd4 Nxa4 26. Qxa4 Qe7 27. Qb3 b5 28. Qd5 Qe6 29. Qf3 Qc4 30. Qf2 Re8 31. Qf4 Re2 32. Rc1 Qb4+ 33. Ka1 Qd2 34. Qxd2 Rxd2 35. c4 bxc4 36. Rxc4 Kf8 37. Ra4 Ke7 38. g3 Rg2 39. Rxa6 Rxg3 40. Kb2 Rg4 41. Kc3 Rxh4 42. a4 Rh3+ 43. Kc4 Ke6 44. Ra8 Ra3 45. Re8+ Kd7 46. Ra8 Kc6 47. Ra7 d5+ 48. Kb4 Rd3 49. Rxf7 Rxd4+ 50. Ka5 Rg4 51. Rf8 d4 52. Rd8 Rg5+ 53. Ka6 Rd5 54. Rc8+ Kd6 55. Kb6 d3 56. Rc1 d2 57. Rd1 Ke5 58. a5 Ke4 59. a6 Rd6+ 60. Kb7 Kd3 61. a7 Rd7+ 62. Kb6 Rxa7 63. Kxa7 Kc2 0-1

[Event "Campeonato de Aragon por Equipos 2024 - "]
[Site "?"]
[Date "2024.03.02"]
[Round "6.17"]
[White "Eizaguerri Floris, Maria"]
[Black "Vallverdu Miret, Oscar"]
[Result "1-0"]
[WhiteElo "2186"]
[BlackElo "2085"]
[PlyCount "155"]
[GameId "2166508131041708"]
[EventDate "2024.01.27"]
[WhiteTeam "Helios"]
[BlackTeam "Fraga"]

1. e4 Nf6 2. e5 Nd5 3. c4 Nb6 4. d4 d6 5. exd6 cxd6 6. Nf3 g6 7. Be2 Bg7 8. O-O O-O 9. b3 Bg4 10. Bb2 Nc6 11. Re1 Bxf3 12. Bxf3 e6 13. Na3 d5 14. c5 Nc8 15. Nc2 N8e7 16. b4 a6 17. a4 Nf5 18. b5 axb5 19. axb5 Na5 20. Qd3 Nc4 21. Bc3 Qd7 22. b6 Ra4 23. Rxa4 Qxa4 24. Ra1 Qb3 25. Bd1 Nb2 26. Rb1 Qc4 27. Qxc4 Nxc4 28. Be2 Rd8 29. Bxc4 dxc4 30. c6 bxc6 31. Nb4 Rb8 32. Na6 Rb7 33. Nc5 Rb8 34. b7 Nd6 35. Ra1 Nxb7 36. Rb1 Rd8 37. Nxb7 Rd5 38. Na5 Bxd4 39. Bxd4 Rxd4 40. Nxc6 Rd6 41. Na5 c3 42. Rf1 c2 43. Nb3 Rd3 44. Nc1 Rd2 45. h4 f5 46. g3 e5 47. Re1 e4 48. Kf1 Kf7 49. Nb3 Rd3 50. Nc1 Rd2 51. Na2 h6 52. Rc1 g5 53. hxg5 hxg5 54. Ke1 e3 55. fxe3 Rg2 56. Nb4 Rxg3 57. Kf2 Rg4 58. Nxc2 Rc4 59. Ke2 Kg6 60. Kd3 Rc8 61. Rg1 Rd8+ 62. Nd4 Rd7 63. Rf1 Rd8 64. Kc4 Re8 65. Kd3 Rd8 66. Rh1 Ra8 67. Re1 Re8 68. Kc4 g4 69. Kd3 Re7 70. Rf1 Rf7 71. Ke2 Rf6 72. Rf4 Rf7 73. Kf2 Rf6 74. Kg3 Rf7 75. Rf1 Rf6 76. Kf4 Rf7 77. Ra1 Rf6 78. Ra5 1-0

[Event "Campeonato de Aragon por Equipos 2024 - "]
[Site "?"]
[Date "2024.03.02"]
[Round "6.18"]
[White "Aribau Rivas, Miguel Angel"]
[Black "Cerrajeria Ruiz, Jesus Maria"]
[Result "0-1"]
[WhiteElo "2021"]
[BlackElo "2030"]
[PlyCount "92"]
[GameId "2166508131086765"]
[EventDate "2024.01.27"]
[WhiteTeam "Fraga"]
[BlackTeam "Helios"]

1. e4 c5 2. Nf3 Nc6 3. d4 cxd4 4. Nxd4 g6 5. Be3 Nf6 6. Nc3 Bg7 7. Nxc6 bxc6 8. e5 Nd5 9. Nxd5 cxd5 10. Qxd5 Rb8 11. Bc4 O-O 12. f4 d6 13. Bb3 Bb7 14. Qd2 dxe5 15. O-O-O exf4 16. Bxf4 e5 17. Bg5 Qc7 18. h4 h5 19. Rh3 e4 20. Qd6 Qxd6 21. Rxd6 Kh7 22. Bf4 Rbd8 23. Rxd8 Rxd8 24. Bc4 Bc8 25. Rg3 Bg4 26. c3 f5 27. Re3 Bh6 28. Bxh6 Kxh6 29. Be2 Bxe2 30. Rxe2 g5 31. hxg5+ Kxg5 32. Kc2 h4 33. c4 Kg4 34. b4 h3 35. gxh3+ Kf3 36. Re1 Kf2 37. Rh1 e3 38. h4 f4 39. h5 e2 40. Rh2+ Ke3 41. Rh1 Rd2+ 42. Kc1 Rxa2 43. Kb1 Ra4 44. Kc2 Rxb4 45. Kc3 Rb8 46. c5 f3 0-1

[Event "Campeonato de Aragon por Equipos 2024 - "]
[Site "?"]
[Date "2024.03.02"]
[Round "6.19"]
[White "Lacamara Pasamar, Miguel"]
[Black "Casas Chine, German"]
[Result "1-0"]
[WhiteElo "1970"]
[BlackElo "1884"]
[PlyCount "53"]
[GameId "2166508131131822"]
[EventDate "2024.01.27"]
[WhiteTeam "Helios"]
[BlackTeam "Fraga"]

1. e4 c5 2. Nf3 d6 3. d4 cxd4 4. Nxd4 Nf6 5. Nc3 g6 6. Be3 Bg7 7. f3 O-O 8. Qd2 Nc6 9. Bc4 Bd7 10. O-O-O Rc8 11. Bb3 Na5 12. Kb1 Nc4 13. Bxc4 Rxc4 14. g4 h5 15. gxh5 Nxh5 16. f4 b5 17. b3 Rc8 18. f5 b4 19. Nd5 a5 20. Ne2 Rc6 21. Nef4 Nxf4 22. Nxf4 e5 23. Nd5 Qh4 24. Qg2 Kh7 25. Rhg1 Be8 26. Bg5 Qh5 27. Rd3 1-0

[Event "Campeonato de Aragon por Equipos 2024 - "]
[Site "?"]
[Date "2024.03.02"]
[Round "6.20"]
[White "Arrieta Restrepo, Steven"]
[Black "Llanes Luno, Ricardo"]
[Result "1-0"]
[WhiteElo "2076"]
[BlackElo "2131"]
[PlyCount "53"]
[GameId "2166508131168687"]
[EventDate "2024.01.27"]
[WhiteTeam "Monzon"]
[BlackTeam "Delicias"]

1. d4 d5 2. Nf3 Nf6 3. c4 c6 4. Nc3 a6 5. a4 dxc4 6. e3 e6 7. Bxc4 Be7 8. O-O O-O 9. Qb3 a5 10. h3 b6 11. e4 Ba6 12. Bf4 Bb4 13. Bg5 Qc7 14. Bxf6 gxf6 15. Bxa6 Nxa6 16. Ne2 Rfd8 17. Rfd1 Bf8 18. Qe3 Nb4 19. Rac1 Rac8 20. Nh2 c5 21. Nf4 Qe7 22. Qf3 Bg7 23. dxc5 Rxc5 24. Rxd8+ Qxd8 25. Rxc5 bxc5 26. Ng4 Qd4 27. g3 1-0

[Event "Campeonato de Aragon por Equipos 2024 - "]
[Site "?"]
[Date "2024.03.02"]
[Round "6.21"]
[White "Lamas Mercadal, Manuel"]
[Black "Barranco Mananet, Fernando"]
[Result "1-0"]
[WhiteElo "2067"]
[BlackElo "2046"]
[PlyCount "48"]
[GameId "2166508131205552"]
[EventDate "2024.01.27"]
[WhiteTeam "Delicias"]
[BlackTeam "Monzon"]

1. d4 Nf6 2. Bg5 d5 3. Bxf6 exf6 4. e4 Bd6 5. c4 dxc4 6. Bxc4 O-O 7. Nc3 Nd7 8. Qc2 f5 9. Bd3 g6 10. h4 Nf6 11. Nge2 c6 12. O-O-O Be6 13. Kb1 Qa5 14. h5 Ng4 15. Nc1 Kg7 16. Qd2 Rh8 17. f3 Nh6 18. Bc2 Bb4 19. Nb3 Bxb3 20. Bxb3 Rad8 21. Qd3 Rhe8 22. e5 f6 23. hxg6 hxg6 24. Qe3 g5 1-0

[Event "Campeonato de Aragon por Equipos 2024 - "]
[Site "?"]
[Date "2024.03.02"]
[Round "6.22"]
[White "Hidalgo Gracia, Andres"]
[Black "Llanes Luno, Pedro Alfredo"]
[Result "1-0"]
[WhiteElo "1916"]
[BlackElo "2061"]
[PlyCount "53"]
[GameId "2166508131238321"]
[EventDate "2024.01.27"]
[WhiteTeam "Monzon"]
[BlackTeam "Delicias"]

1. Nf3 g6 2. c4 Bg7 3. Nc3 d6 4. d4 Nf6 5. e4 O-O 6. Be2 e5 7. O-O Nc6 8. d5 Ne7 9. Ne1 Ne8 10. f3 f5 11. Be3 f4 12. Bf2 Kh8 13. c5 g5 14. Rc1 Ng6 15. Nb5 b6 16. cxd6 cxd6 17. Nd3 a5 18. b3 Bd7 19. Nb2 Rf7 20. Na4 Rb8 21. Rc3 Bf8 22. Qc2 Rg7 23. Rc1 g4 24. fxg4 Nh4 25. Nc7 Qg5 26. Nxe8 Rxe8 27. Bxb6 1-0

[Event "Campeonato de Aragon por Equipos 2024 - "]
[Site "?"]
[Date "2024.03.02"]
[Round "6.23"]
[White "Gaspar Calvo, Luis Alberto"]
[Black "Buil Solana, Mario"]
[Result "1-0"]
[WhiteElo "1851"]
[BlackElo "1849"]
[PlyCount "59"]
[GameId "2166508131275186"]
[EventDate "2024.01.27"]
[WhiteTeam "Delicias"]
[BlackTeam "Monzon"]

1. d4 d5 2. c4 e6 3. g3 Nf6 4. Bg2 Be7 5. Nf3 O-O 6. O-O Nbd7 7. Qc2 b6 8. cxd5 exd5 9. Qc6 Ba6 10. Nc3 Rc8 11. Nxd5 Nxd5 12. Qxd5 Bxe2 13. Re1 Ba6 14. Bf4 c5 15. Bh3 Bb5 16. Rxe7 Qxe7 17. Re1 Qd8 18. Bg5 Bc6 19. Qxc6 Rxc6 20. Bxd8 Rxd8 21. Bxd7 Rf6 22. dxc5 Rxf3 23. c6 Rd3 24. c7 R3xd7 25. cxd8=Q+ Rxd8 26. Re7 Ra8 27. Rb7 g6 28. Kg2 Kg7 29. g4 Kf6 30. h4 1-0

[Event "Campeonato de Aragon por Equipos 2024 - "]
[Site "?"]
[Date "2024.03.02"]
[Round "6.24"]
[White "Lana Rodriguez, David"]
[Black "Escartin Lacasa, Jose"]
[Result "1/2-1/2"]
[WhiteElo "2330"]
[BlackElo "2229"]
[PlyCount "117"]
[GameId "2166508131377587"]
[EventDate "2024.01.27"]
[WhiteTeam "Teruel"]
[BlackTeam "Jaque - Aramovil"]

1. e4 c5 2. Nf3 Nc6 3. d4 cxd4 4. Nxd4 Nf6 5. Nc3 e5 6. Ndb5 d6 7. a4 a6 8. Na3 Bg4 9. Be2 Bxe2 10. Qxe2 d5 11. Bg5 d4 12. Nd5 Nb4 13. Nc4 Nbxd5 14. exd5 Qxd5 15. Qxe5+ Qxe5+ 16. Nxe5 Ne4 17. Nf3 Nxg5 18. Nxg5 Be7 19. Nf3 O-O-O 20. O-O-O Bf6 21. Rhe1 Rd7 22. Re4 Rhd8 23. Kd2 Rd5 24. Rde1 Rf5 25. Re8 g5 26. h3 h5 27. Rxd8+ Kxd8 28. Re4 Kd7 29. Ke2 Rc5 30. Kd3 Rf5 31. Re2 Rf4 32. Nd2 g4 33. hxg4 hxg4 34. Ne4 Bg7 35. Ng3 Bh8 36. b3 Rf6 37. Ne4 Rc6 38. Re1 f5 39. Ng3 Rc3+ 40. Kd2 d3 41. cxd3 Rxb3 42. Nxf5 Bc3+ 43. Kc2 Bxe1 44. Kxb3 Bxf2 45. Kc4 Kc6 46. d4 b5+ 47. axb5+ axb5+ 48. Kd3 Kd5 49. Ne7+ Ke6 50. Nc6 Kf5 51. d5 Bc5 52. g3 Bf2 53. Ke2 Bxg3 54. Nd4+ Ke4 55. Nxb5 Kxd5 56. Kf1 Kc4 57. Kg2 Be5 58. Na3+ Kb3 59. Nb5 1/2-1/2

[Event "Campeonato de Aragon por Equipos 2024 - "]
[Site "?"]
[Date "2024.03.02"]
[Round "6.25"]
[White "Ereza Vizcarra, Fernando"]
[Black "Dominguez Bujeda, Jesus"]
[Result "1-0"]
[WhiteElo "2121"]
[BlackElo "2063"]
[PlyCount "101"]
[GameId "2166508131422644"]
[EventDate "2024.01.27"]
[WhiteTeam "Jaque - Aramovil"]
[BlackTeam "Teruel"]

1. d4 d5 2. Nf3 Nf6 3. g3 c5 4. Bg2 cxd4 5. O-O h6 6. b3 e6 7. Bb2 Be7 8. Nxd4 e5 9. Nf3 e4 10. Nd4 O-O 11. Na3 Qa5 12. Nb1 Re8 13. e3 Bg4 14. Qd2 Qa6 15. h3 Bd7 16. Qe2 Qxe2 17. Nxe2 Nc6 18. Nbc3 Nb4 19. Rac1 Rac8 20. Rfd1 Bc6 21. Nd4 Bd7 22. Nde2 Bc6 23. Bf1 Na6 24. Nd4 Nc7 25. Nxc6 bxc6 26. Ne2 Nd7 27. c4 Bf6 28. Bxf6 Nxf6 29. Nd4 Ne6 30. Nf5 Rcd8 31. cxd5 cxd5 32. Bb5 Rf8 33. Ne7+ Kh7 34. Nc6 Rd7 35. Kg2 Rc7 36. Ne5 d4 37. exd4 Rxc1 38. Rxc1 Nxd4 39. Bc4 Re8 40. Nxf7 Re7 41. Rd1 Nf3 42. a4 Kg6 43. Rd6 Rxf7 44. Bxf7+ Kxf7 45. Ra6 Ne1+ 46. Kf1 Nd3 47. Rxa7+ Ke6 48. a5 g5 49. Rb7 Nc5 50. a6 Nxb7 51. a7 1-0

[Event "Campeonato de Aragon por Equipos 2024 - "]
[Site "?"]
[Date "2024.03.02"]
[Round "6.26"]
[White "Gomez Calomarde, Saul"]
[Black "Carrasquer Alonso, Luis"]
[Result "1-0"]
[WhiteElo "2008"]
[BlackElo "1859"]
[PlyCount "119"]
[GameId "2166508131455413"]
[EventDate "2024.01.27"]
[WhiteTeam "Teruel"]
[BlackTeam "Jaque - Aramovil"]

1. d4 d5 2. Bf4 Nf6 3. e3 e6 4. Nd2 Bd6 5. Bd3 O-O 6. Bg3 b6 7. e4 dxe4 8. Nxe4 Bb7 9. Qe2 Nxe4 10. Bxe4 Bxe4 11. Qxe4 Nd7 12. Nf3 e5 13. dxe5 Qe7 14. O-O-O Rfe8 15. Rhe1 Nf8 16. Qc6 Bc5 17. Bh4 Qe6 18. Qxe6 Nxe6 19. Re4 Be7 20. Bxe7 Rxe7 21. g3 Rae8 22. Re2 Kf8 23. Red2 g5 24. h3 Kg7 25. Rd7 a5 26. c3 Kg6 27. Rxe7 Rxe7 28. Nd4 Nxd4 29. cxd4 Kf5 30. f3 Rd7 31. Kc2 c5 32. Kc3 cxd4+ 33. Rxd4 Rc7+ 34. Rc4 Rd7 35. Rc6 b5 36. b4 axb4+ 37. Kxb4 Ra7 38. Rc2 Kxe5 39. Kxb5 Ra3 40. Rf2 Kd4 41. Kb4 Ra8 42. a4 Rb8+ 43. Ka3 Kc3 44. f4 Rb3+ 45. Ka2 Rb4 46. Rf3+ Kc2 47. Ka3 Rb1 48. fxg5 Ra1+ 49. Kb4 Rb1+ 50. Kc5 Ra1 51. Kb5 Rb1+ 52. Ka6 Kd2 53. a5 Ke2 54. Rxf7 Ke3 55. Rf4 Rb3 56. Ka7 Ke2 57. Ra4 Kf3 58. a6 Ke2 59. Rh4 Rxg3 60. Rg4 1-0

[Event "Campeonato de Aragon por Equipos 2024 - "]
[Site "?"]
[Date "2024.03.02"]
[Round "6.27"]
[White "Montoro Mavilla, Sergio"]
[Black "Martin Catalan, Juan Vicente"]
[Result "1-0"]
[WhiteElo "1829"]
[BlackElo "2061"]
[PlyCount "75"]
[GameId "2166508131496374"]
[EventDate "2024.01.27"]
[WhiteTeam "Jaque - Aramovil"]
[BlackTeam "Teruel"]

1. e4 e6 2. d4 d5 3. Nc3 dxe4 4. Nxe4 Nd7 5. Nf3 Ngf6 6. Bd3 c5 7. O-O Be7 8. Qe2 a6 9. Rd1 cxd4 10. Nxd4 O-O 11. Ng5 Nc5 12. Bc4 Qc7 13. b4 Na4 14. Ndxe6 Bxe6 15. Bxe6 fxe6 16. Qxe6+ Kh8 17. Nf7+ Kg8 18. Ne5+ Kh8 19. Bf4 Qb6 20. Qxe7 Rae8 21. Qd6 Qxd6 22. Rxd6 Ne4 23. Nd3 Rxf4 24. Rd7 Rff8 25. Rxb7 Nac3 26. f3 Nd2 27. Kf2 Re2+ 28. Kg3 Kg8 29. a4 Nc4 30. Rc7 Rxc2 31. Ne1 Ra2 32. Rxa2 Nxa2 33. Rxc4 Re8 34. Kf2 Re6 35. Nd3 Kf7 36. Rc2 Rd6 37. Ke2 Rxd3 38. Rc7+ 1-0

[Event "Campeonato de Aragon por Equipos 2024 - "]
[Site "?"]
[Date "2024.03.02"]
[Round "6.28"]
[White "Van Ojik, Mark"]
[Black "Baron Rodriguez, Jesus"]
[Result "0-1"]
[WhiteElo "2216"]
[BlackElo "2353"]
[PlyCount "110"]
[GameId "2166508131529143"]
[EventDate "2024.01.27"]
[WhiteTeam "ONCE C. A. Aragon"]
[BlackTeam "Iberajedrez Mundo 64"]

1. e4 e5 2. Nf3 Nc6 3. Bb5 a6 4. Ba4 Nf6 5. Nc3 b5 6. Bb3 Be7 7. a4 O-O 8. axb5 Nd4 9. Nxd4 exd4 10. Nd5 Nxe4 11. O-O Nc5 12. Nxe7+ Qxe7 13. Bd5 Ra7 14. d3 Qd6 15. Qf3 Ne6 16. Bc4 Bb7 17. Qg3 Qxg3 18. hxg3 d5 19. Bb3 Rfa8 20. bxa6 Rxa6 21. Ra3 c5 22. Re1 Kf8 23. g4 Ke7 24. Kh2 Kd7 25. Kg3 h6 26. f4 Rxa3 27. bxa3 Nc7 28. g5 hxg5 29. fxg5 Bc6 30. Rf1 Ke7 31. Bf4 Ne6 32. Bc1 Ra7 33. Kg4 Bd7 34. Kg3 Nc7 35. Bf4 Be6 36. Re1 Kd7 37. Bc1 Nb5 38. a4 Nc3 39. Ba3 c4 40. Bc5 cxb3 41. Bxd4 Rc7 42. cxb3 Bf5 43. Re3 g6 44. Kf3 Na2 45. g4 Be6 46. Re1 Nb4 47. Rb1 Nxd3 48. a5 Nb4 49. Be5 Rb7 50. Bd4 Nc6 51. Bb6 Nb4 52. Ra1 Kd6 53. a6 Rxb6 54. a7 d4 55. Ra5 Ra6 0-1

[Event "Campeonato de Aragon por Equipos 2024 - "]
[Site "?"]
[Date "2024.03.02"]
[Round "6.29"]
[White "Villalba Embid, Marcos"]
[Black "Laliena Solanes, Luis"]
[Result "1-0"]
[WhiteElo "2069"]
[BlackElo "2151"]
[PlyCount "129"]
[GameId "2166508131566008"]
[EventDate "2024.01.27"]
[WhiteTeam "Iberajedrez Mundo 64"]
[BlackTeam "ONCE C. A. Aragon"]

1. c4 e5 2. Nc3 Nf6 3. Nf3 d6 4. g3 g6 5. Bg2 Bg7 6. O-O O-O 7. d3 Re8 8. Rb1 c6 9. b4 d5 10. cxd5 Nxd5 11. Na4 Qe7 12. Bg5 Qd6 13. Bd2 Na6 14. a3 b5 15. Nb2 h6 16. Qc2 Bd7 17. Rbc1 Rac8 18. e4 c5 19. bxc5 Rxc5 20. Qb3 Nb6 21. Be3 Rcc8 22. Rfd1 Bf8 23. Ra1 Nc5 24. Qb4 Qe6 25. Bxc5 Rxc5 26. Qa5 Rc2 27. Rd2 Rec8 28. Nd1 Rc1 29. Rxc1 Rxc1 30. Bf1 Qb3 31. Be2 Bxa3 32. Qxa7 Bb4 33. Qxb6 Bxd2 34. Qd8+ Kg7 35. Qxd7 Rxd1+ 36. Bxd1 Qxd1+ 37. Kg2 Bc3 38. Qxb5 Qa1 39. h4 Bd4 40. Qd5 Qb2 41. Nxd4 exd4 42. e5 h5 43. Qe4 Qb4 44. Qf4 Qb7+ 45. Qe4 Qb4 46. Kf3 Qc3 47. Qe2 Qc6+ 48. Kf4 Qd5 49. Qe4 Qc4 50. Kf3 Qc3 51. g4 hxg4+ 52. Kxg4 Qa1 53. Qf4 Qd1+ 54. Qf3 Qg1+ 55. Kf4 Qc1+ 56. Kg3 Qg1+ 57. Kh3 Kg8 58. Qg3 Qh1+ 59. Kg4 Qd1+ 60. Kg5 Qc1+ 61. Qf4 Qc3 62. Kh6 Qxd3 63. e6 fxe6 64. Qf6 Qd2+ 65. f4 1-0

[Event "Campeonato de Aragon por Equipos 2024 - "]
[Site "?"]
[Date "2024.03.02"]
[Round "6.30"]
[White "Gavin Roche, Enrique"]
[Black "Martinez Cebolla, Alberto"]
[Result "0-1"]
[WhiteElo "2150"]
[BlackElo "2027"]
[PlyCount "74"]
[GameId "2166508131602873"]
[EventDate "2024.01.27"]
[WhiteTeam "ONCE C. A. Aragon"]
[BlackTeam "Iberajedrez Mundo 64"]

1. d4 Nf6 2. c4 e6 3. Nc3 Bb4 4. Qb3 Nc6 5. Nf3 a5 6. a3 Bxc3+ 7. Qxc3 Qe7 8. d5 Nb8 9. Bg5 d6 10. e4 e5 11. Bd3 Nbd7 12. b4 b6 13. Nd2 h6 14. Bh4 Nxe4 15. Nxe4 Qxh4 16. c5 f5 17. g3 Qg4 18. cxd6 fxe4 19. Be2 Qg6 20. Qxc7 O-O 21. Bb5 Qf7 22. O-O axb4 23. a4 Nc5 24. Qxb6 Nd3 25. Bc6 Bh3 26. Bxa8 Bxf1 27. Rxf1 Rxa8 28. Qc6 Rd8 29. a5 Qd7 30. a6 Qxd6 31. a7 Qxc6 32. dxc6 b3 33. c7 Ra8 34. Ra1 b2 35. c8=Q+ Rxc8 36. a8=Q bxa1=Q+ 37. Qxa1 Rc1+ 0-1